000
00216nam a22000857a 4500
100
_a
Ansamma George
245
_a
Idavela kootti venalkaalathum tappucheyyam
260
_b
Rubber, 681(February): 26-28.
_c
2023
942
_c
JS
999
_c
74982
_d
74982